Pays les plus grands - Statistiques

Statistiques générales
  • Ce quiz a été pris 269 fois
  • Le résultat moyen est 11 sur 15
Statistiques - réponses
Réponse % Correct
Russie
99%
Canada
96%
Chine
96%
Bresil
93%
Australie
88%
Inde
85%
Usa
81%
Argentine
76%
Algerie
75%
Mexique
65%
Kazakhstan
61%
Indonesie
54%
Arabie saoudite
48%
Danemark
27%
Rdc
22%
Aucun quiz correspondant
Distribution des résultats
% des personnes avec chaque résultat
Percentile par nombre de réponses
Votre historique - résultats
Vous n’avez pas pris ce quiz